[Event "7th Cattolica Open-A 2020"]
[Site "Cattolica"]
[Date "2020.09.01"]
[Round "2.10"]
[White "Bettalli, Francesco"]
[Black "Palozza, Christian"]
[Result "1/2-1/2"]
[WhiteElo "2206"]
[BlackElo "2240"]
[Annotator "TA"]
[PlyCount "64"]
[EventDate "2020.08.31"]
[EventType "swiss"]
[EventCountry "ITA"]
[SourceTitle "playchess.com"]
[Source "ChessBase"]
[SourceQuality "1"]

{[%evp 13,64,0,15,15,13,10,11,-25,-26,-26,6,0,0,-5,16,-31,30,-16,-9,-14,-16,-28,-17,-19,-19,-6,-14,0,0,0,0,-62,-22,-16,-17,-16,-16,-22,-15,-26,-20,-18,-15,-22,-13,-33,-7,-5,0,0,0,0,0]} 1. d4 e6 2. c4 Nf6 3. Nc3 Bb4 4. e3 b6 5. Nge2 Ne4 6. f3 Nxc3 7. bxc3 Be7 8. Ng3 {E44: Nimzo-Indian: Rubinstein: 4...b6 5 Ne2.} Nc6 9. Bd3 Na5 10. O-O Ba6 11. Qe2 {[#]} Bh4 $146 ({Predecessor:} 11... d5 12. cxd5 Bxd3 13. Qxd3 Qxd5 14. e4 Qc4 15. Qe3 O-O 16. f4 f6 17. Rf3 Rf7 {½-½ (36) Koneru,H (2541)-Cramling,P (2465) St Petersburg 2018}) 12. Ne4 O-O 13. Nd2 Re8 14. f4 f5 (14... d5 $15) 15. Rf3 g6 16. e4 d5 17. e5 c6 18. Ba3 Be7 19. Bxe7 Qxe7 20. cxd5 Bxd3 21. Qxd3 {[#] Threatens to win with d6.} cxd5 22. c4 (22. Rh3 $11) 22... dxc4 23. Nxc4 Nxc4 24. Qxc4 Rac8 25. Qb3 Red8 26. Rd1 Rd5 27. Rc3 Qd7 28. g3 Kg7 29. Kg2 Rxc3 30. Qxc3 {The position is equal.} Qb7 31. Kh3 Rd7 32. d5 Rxd5 {Accuracy: White = 76%, Black = 78%.} 1/2-1/2

[Event "7th Cattolica Open-A 2020"]
[Site "Cattolica"]
[Date "2020.09.02"]
[Round "3.1"]
[White "Studer, Noel"]
[Black "Le Goff, Damien"]
[Result "1-0"]
[WhiteElo "2573"]
[BlackElo "2281"]
[Annotator "TA"]
[PlyCount "95"]
[EventDate "2020.08.31"]
[EventType "swiss"]
[EventCountry "ITA"]
[SourceTitle "playchess.com"]
[Source "ChessBase"]
[SourceQuality "1"]

{[%evp 13,95,-11,-15,-9,-12,-15,0,-2,0,-18,-5,-13,-6,-8,4,0,10,-24,44,40,31,30,55,56,42,27,55,45,44,47,76,85,66,66,131,18,0,18,7,0,0,0,0,0,0,-20,-20,-25,-14,-95,-103,-362,-366,-339,-321,-340,-327,-299,0,0,0,0,191,203,468,377,376,339,327,334,733,356,356,357,309,241,483,458,442,428,1384,1425,29974,29976]} 1. e4 e6 2. d4 d5 3. Nc3 Bb4 4. e5 c5 5. a3 Bxc3+ 6. bxc3 Ne7 7. h4 Qc7 8. h5 {C18: French: 3 Nc3 Bb4: Main line: 7 h4 and 7 Qg4.} h6 9. Rb1 Nbc6 10. Qg4 {[#] The position is equal.} Rg8 $146 ({Predecessor:} 10... Nf5 11. Bd3 cxd4 12. cxd4 Ncxd4 13. Bb2 Qa5+ 14. Kf1 Qc5 15. Bxd4 Nxd4 16. Qxg7 Qf8 {1-0 (32) Leko,P (2707)-Goganov,A (2603) Baku 2015}) 11. Bd3 c4 12. Bf1 Qa5 13. Ne2 Qa4 14. Kd1 b6 15. Rh3 Bd7 (15... f6 $11) 16. Rf3 $1 $14 Nf5 17. Qh3 $1 Rf8 18. g4 Nfe7 19. Qh4 O-O-O 20. Bh3 $1 g5 21. hxg6 $1 fxg6 22. Rxf8 $1 Rxf8 23. Bxh6 Rf3 (23... Rh8 $14) 24. Bg2 (24. Ra1 $1 $16) 24... g5 $1 $11 25. Bxg5 Ng6 $132 {[%mdl 2048] Black puts up resistance} 26. Qh7 Rxf2 27. Qxg6 {Threatens to win with Nf4.} Rxg2 28. Ra1 Rxg4 29. Qg8+ Kb7 30. Qg7 Na5 31. Kd2 (31. Qe7 $11) 31... Ka6 $1 $17 32. Nf4 $2 {[%mdl 8192] [#]} (32. Ra2 $17 {is a better defense.}) 32... Nb3+ $1 $19 {[%mdl 512]} 33. cxb3 Qxb3 34. Rc1 Ba4 35. Ke3 {Hoping for Kf3.} ({Much weaker is} 35. Ke2 Qb2+ 36. Kf3 Rxg5 $19) 35... Qxa3 $2 (35... Qb2 $1 $19 {[%cal Rg4g3]} 36. Kf3 Rxg5 37. Qxg5 Qxc1 38. Nxe6 Bd1+ 39. Kg2 Qxc3) 36. Ne2 $11 {Strongly threatening Kf3.} Qb2 {( -> ...Re4+)} 37. Kf3 {aiming for Qg8.} Re4 $2 {[#]} (37... Rg2 $1 $11 38. Kxg2 Qxe2+ 39. Kg3 Qd3+ 40. Kh4 Qe4+ 41. Kg3 Qd3+ 42. Kh4 Qe4+ 43. Kg3 Qd3+) 38. Be3 $1 $18 Be8 $2 (38... Rh4 39. Qf8 Bc2) 39. Qg5 Kb5 40. Ng3 Qh2 {and the idea ...Rh4 leaves Black hopeful.} 41. Rb1+ Ka4 $2 (41... Kc6 42. Rh1 Qc2) 42. Rh1 (42. Bf2 $142) 42... Qc2 43. Ra1+ Kb3 44. Nxe4 dxe4+ $2 {[#]} (44... Qxe4+ 45. Kf2 Qc2+ 46. Kg3 a5) 45. Kg3 $1 {And now Qe7! would win.} Qe2 46. Qf4 Bh5 (46... Bc6 $142 47. Rxa7 b5) 47. Qxe4 Bg6 {[#]} 48. Ra3+ $1 {[%mdl 576] Decoy. Accuracy: White = 78%, Black = 60%.} 1-0

[Event "7th Cattolica Open-A 2020"]
[Site "Cattolica"]
[Date "2020.09.02"]
[Round "3.2"]
[White "Bailet, Pierre"]
[Black "Degraeve, Jean-Marc"]
[Result "1/2-1/2"]
[WhiteElo "2500"]
[BlackElo "2530"]
[Annotator "TA"]
[PlyCount "40"]
[EventDate "2020.08.31"]
[EventType "swiss"]
[EventCountry "ITA"]
[SourceTitle "playchess.com"]
[Source "ChessBase"]
[SourceQuality "1"]

{[%evp 10,40,43,31,27,31,39,35,55,39,58,54,59,54,52,64,71,69,66,45,48,16,53,58,48,20,41,-6,0,-27,13,0,0]} 1. e4 Nf6 2. e5 Nd5 3. d4 d6 4. Nf3 dxe5 5. Nxe5 c6 6. Be2 Bf5 {B04: Alekhine's Defence: 4 Nf3.} 7. O-O Nd7 8. Nf3 e6 {White is slightly better.} 9. c4 N5f6 10. Nc3 Ne4 11. Qb3 Nxc3 12. bxc3 Qc7 13. Nh4 Be4 14. f3 Bg6 $1 15. f4 {[#]} Be7 $146 ({Predecessor:} 15... Be4 16. Bf3 Bxf3 17. Nxf3 g6 18. Ne5 Be7 19. Ba3 Nxe5 20. fxe5 O-O 21. Bxe7 Qxe7 22. Rae1 Rad8 {½-½ (22) Mueller Alves,M (2316)-Van Seben,E (2383) LSS email 2012}) 16. Nxg6 hxg6 17. Rb1 b6 18. Ba3 c5 19. Rbd1 Rd8 20. Bc1 O-O {Accuracy: White = 71%, Black = 82%.} 1/2-1/2

[Event "7th Cattolica Open-A 2020"]
[Site "Cattolica"]
[Date "2020.09.02"]
[Round "3.3"]
[White "Reimanis, Ritvars"]
[Black "David, Alberto"]
[Result "1/2-1/2"]
[WhiteElo "2421"]
[BlackElo "2520"]
[Annotator "TA"]
[PlyCount "42"]
[EventDate "2020.08.31"]
[EventType "swiss"]
[EventCountry "ITA"]
[SourceTitle "playchess.com"]
[Source "ChessBase"]
[SourceQuality "1"]

{[%evp 11,42,12,8,0,9,-15,-15,-18,-12,-29,-14,-24,-10,-24,-18,-16,-22,-18,-5,-25,-25,-29,-10,-13,-4,-4,-6,-4,-2,-2,-2,-2,0]} 1. d4 Nf6 2. c4 e6 3. Nf3 d5 4. Nc3 dxc4 5. e3 a6 6. Bxc4 b5 7. Be2 {D26: Queen's Gambit Accepted: 4 e3 e6 5 Bxc5 c5 sidelines.} Bb7 8. a3 c5 9. dxc5 {[#] Threatens to win with Qxd8+.} Qxd1+ 10. Bxd1 {next b4 is good for White.} Bxc5 11. b4 Bd6 12. Bb2 Nbd7 13. Be2 Ke7 14. O-O {[#]} Rhd8 $5 $146 {[%mdl 8] An interesting novelty.} ({Predecessor:} 14... Rhc8 15. Rfc1 Nb6 16. Nd2 Rc7 17. Na2 Na4 18. Rxc7+ Bxc7 19. Rc1 Bd6 20. Bxf6+ gxf6 {½-½ (31) Hrbolka,L (2133)-Stachowiak,K (2474) Teplice 2013}) 15. Rfd1 Rac8 16. Rac1 Nb6 17. Nb1 {The position is equal.} Rxc1 18. Rxc1 Rc8 19. Rxc8 Bxc8 20. Bd4 Nbd7 21. Nfd2 Bb7 {A rather calm draw. Accuracy: White = 100%, Black = 100%.} 1/2-1/2

[Event "7th Cattolica Open-A 2020"]
[Site "Cattolica"]
[Date "2020.09.02"]
[Round "3.4"]
[White "Degraeve, Remy"]
[Black "Basso, Pier Luigi"]
[Result "1-0"]
[WhiteElo "2349"]
[BlackElo "2603"]
[Annotator "TA"]
[PlyCount "120"]
[EventDate "2020.08.31"]
[EventType "swiss"]
[EventCountry "ITA"]
[SourceTitle "playchess.com"]
[Source "ChessBase"]
[SourceQuality "1"]

{[%evp 14,120,0,-2,0,0,0,0,0,0,0,0,11,0,28,20,30,23,196,203,195,202,229,173,250,227,281,91,318,296,219,140,87,-18,-7,-7,-7,-6,-6,-6,-6,-17,-6,-6,-4,-12,-13,-24,-10,-7,0,0,0,-2,0,0,0,0,42,14,16,13,27,33,30,27,33,33,44,49,32,23,203,204,202,203,290,236,354,353,622,383,1605,1493,1153,1057,1735,1724,2055,1758,1931,1677,29953,9623,29983,29984,29984,29985,29985,29984,29986,29987,29986,29987,29987,29988,29988,29989,29991]} 1. e4 e5 2. Nf3 Nc6 3. Nc3 Nf6 4. Bb5 Bc5 5. O-O O-O 6. Nxe5 Nxe5 7. d4 Bd6 8. f4 Nc6 {...Bb4 is the strong threat. C48: Four Knights: 4 Bb5, replies other than 4...Bb4.} 9. e5 {[%mdl 64] Double Attack} Be7 10. exf6 Bxf6 {The position is equal.} 11. d5 Nb4 12. d6 {[#]} cxd6 $146 ({Predecessor:} 12... c6 13. Be2 Re8 14. Bf3 b6 15. a3 Bxc3 16. bxc3 Nd5 17. c4 Nc3 18. Qd4 Na4 {0-1 (55) Naiditsch,Y (2440)-Zawadzka,J (2428) Wroclaw 2017}) 13. Be3 a6 14. Ba4 b5 15. Bb3 $1 Qc7 $2 (15... Bb7 $11) 16. a3 $1 $18 {[%cal Ra3b4]} Bxc3 17. bxc3 Nc6 18. f5 {[%mdl 1024] Strongly threatening f6. White has strong compensation.} Ne5 (18... Bb7 {was worth a try.}) 19. f6 {And now fxg7 would win.} g6 {[#]} 20. Bd4 $2 (20. Qd2 $1 $18) 20... Bb7 $2 (20... h6 $16) 21. Qd2 {Qh6 would kill now.} Kh8 {[#]} 22. Qh6 $1 {[%csl Gf6][%cal Rh6g7][%mdl 512]} Rg8 23. Bxe5 (23. Rf2 $16) 23... dxe5 $11 24. Bxf7 Qc5+ $1 ({Avoid the trap} 24... Qc6 $2 25. Rf2 $18) 25. Rf2 $132 {[%mdl 2048] White is fighting back} Qf8 26. Qxf8 Rgxf8 27. Bb3 d5 28. a4 bxa4 29. Rxa4 a5 30. Rd2 Bc6 31. Ra1 a4 32. Bxd5 Rxf6 33. c4 Ra5 34. Re2 a3 35. Rxe5 Bd7 36. Re3 a2 37. Rb3 Bf5 38. Rb2 Rfa6 39. Kf2 Kg7 40. Ke3 Ra3+ 41. Kd4 Kf6 42. h4 g5 $2 {White leaves nothing to chance now.} (42... Be6 $11 {and Black has nothing to worry.}) 43. hxg5+ $18 Kxg5 44. c5 {[%cal Bc4c5,Bc5c6,Bc6c7][%mdl 32]} R6a4+ {[#]} (44... Kf6 $142 45. Bb3 (45. Rbxa2 $2 R6a4+ 46. Bc4 Rxc4+ {[%mdl 64] Remove Defender} 47. Kxc4 Be6+ 48. Kb5 Rxa2 $17) 45... Be6) 45. Ke5 $1 Rc3 (45... Ra5 {keeps fighting.} 46. Rbxa2 Rxa2 47. Rxa2 Rxc5) 46. c6 ({Less strong is} 46. Rbxa2 Rxa2 47. Rxa2 Rxc5 $18) 46... Bxc2 $2 (46... Ra6 47. Raxa2 Rcxc6 48. Bxc6 Rxc6) 47. Raxa2 Rxa2 $2 (47... Bd1 48. Rxa4 Bxa4) 48. Rxa2 {[%mdl 4096] Endgame KRB-KRB} ({Stronger than} 48. Bxa2 Rxc6 49. Rb7 Bg6 $11) 48... Bf5 49. Ra5 h5 50. Kd6 Kf6 51. c7 h4 52. Ra8 h3 53. gxh3 (53. Rf8+ $142 Kg6 54. Rg8+ Kh7 55. g4 Bb1 56. c8=Q Rxc8 57. Rxc8 h2 58. Rc1) 53... Bxh3 54. Rf8+ {White mates.} Kg5 55. Rf3 Rxf3 56. Bxf3 Kf4 57. Bc6 Bc8 58. Bd7 Ba6 59. Kc6 Ke5 60. Kb6 Kd5 {Accuracy: White = 83%, Black = 50%.} 1-0

[Event "7th Cattolica Open-A 2020"]
[Site "Cattolica"]
[Date "2020.09.02"]
[Round "3.5"]
[White "Alanic, Xavier"]
[Black "Mendonca, Leon Luke"]
[Result "1-0"]
[WhiteElo "2249"]
[BlackElo "2490"]
[Annotator "TA"]
[PlyCount "103"]
[EventDate "2020.08.31"]
[EventType "swiss"]
[EventCountry "ITA"]
[SourceTitle "playchess.com"]
[Source "ChessBase"]
[SourceQuality "1"]

{[%evp 30,103,6,4,97,97,104,102,107,106,113,79,79,93,95,79,96,120,127,87,98,103,152,152,152,152,148,149,152,150,158,148,148,151,149,139,133,69,72,69,125,125,232,221,200,128,135,132,290,272,4366,3232,7760,5712,5700,5716,7974,8207,7952,7742,7533,6182,7533,7077,6525,6119,6166,6151,6103,6103,6045,5626,4694,4694,5065,4622]} 1. c4 Nf6 2. g3 e6 3. Bg2 d5 4. Nf3 Be7 5. O-O O-O 6. d4 dxc4 7. Qc2 a6 8. a4 Bd7 9. Ne5 Bc6 10. Nxc6 Nxc6 11. e3 Na5 12. Nd2 c5 13. dxc5 Rc8 14. b4 cxb3 15. Nxb3 Nxb3 16. Qxb3 Bxc5 {E05: Open Catalan: 5 Nf3 Be7.} (16... Nd7 $11 {remains equal.}) 17. Rd1 $1 $16 {[%cal Rd1d8] [#]} Nd5 $146 ({Predecessor:} 17... Qc7 18. Qxb7 a5 19. Qxc7 Rxc7 20. Bd2 Ra7 21. Rdc1 Bb4 22. Bxb4 axb4 23. Rcb1 Rb8 24. a5 {1-0 (44) Bogdan,D (2387)-Vasile,C (2254) Mamaia 2015}) 18. Qxb7 a5 {White is better.} 19. Bxd5 {Bf3 is the strong threat.} exd5 20. Ba3 Bxa3 21. Rxa3 Qf6 22. Ra2 ({But not} 22. Rxd5 $2 Rc1+ 23. Kg2 Rc2 $1 $19 {[%mdl 512]}) 22... g6 23. Qb5 Qc3 24. Qxd5 Rc5 25. Qd4 Rfc8 26. Qxc3 Rxc3 {[%mdl 4096] Endgame KRR-KRR} 27. Rd5 R8c5 28. Rad2 Kg7 29. R2d4 R3c4 30. Rxc5 Rxc5 {KR-KR} 31. Kg2 h5 32. Kf3 Kf6 {[#]} 33. h4 (33. Rd6+ $1 $16 Kf5 34. h3) 33... Ke6 $14 34. g4 hxg4+ (34... f6 $14) 35. Rxg4 $16 Rc2 (35... Kf6 $16) 36. Rg5 $18 Rc4 37. h5 gxh5 38. Rxa5 f5 $2 {Now Black is done in.} (38... h4 $16 39. Kg2 f5) 39. Ra8 Kf7 $2 (39... Rg4 40. a5 h4) 40. a5 {[%cal Ba4a5,Ba5a6,Ba6a7][%mdl 32] White is clearly winning.} Ra4 41. a6 Kg7 42. a7 Ra2 43. Kg3 Ra4 44. f4 Ra1 45. Kh4 Ra2 46. Kxh5 Ra3 47. Kg5 Ra5 48. Re8 Rxa7 49. Kxf5 Kf7 50. Re5 Rb7 51. e4 Ra7 52. Rb5 {Accuracy: White = 76%, Black = 51%.} 1-0

[Event "7th Cattolica Open-A 2020"]
[Site "Cattolica"]
[Date "2020.09.02"]
[Round "3.6"]
[White "Carlo, Emanuele"]
[Black "Bettalli, Francesco"]
[Result "1-0"]
[WhiteElo "2280"]
[BlackElo "2206"]
[Annotator "ChessBase"]
[PlyCount "105"]
[EventDate "2020.08.31"]
[EventType "swiss"]
[EventCountry "ITA"]
[SourceTitle "playchess.com"]
[Source "ChessBase"]
[SourceQuality "1"]
[TimeControl "5400+30"]

1. e4 {[%emt 0:00:00]} c5 {[%emt 0:00:00]} 2. Nf3 {[%emt 0:00:00]} Nc6 {[%emt 0:00:00]} 3. Nc3 {[%emt 0:00:40]} d6 {[%emt 0:00:00]} 4. d4 {[%emt 0:00:21]} cxd4 {[%emt 0:00:05]} 5. Nxd4 {[%emt 0:00:45]} e5 {[%emt 0:00:08]} 6. Nf5 {[%emt 0:02:08]} g6 {[%emt 0:23:26]} 7. Ne3 {[%emt 0:03:07]} Nd4 {[%emt 0:02:04]} 8. Ned5 Be6 {[%emt 0:00:29]} 9. Be3 Bg7 {[%emt 0:00:20]} 10. Bb5+ Kf8 {[%emt 1:08:28]} 11. Bc4 {[%emt 0:17:56]} Rc8 {[%emt 0:00:00]} 12. Bb3 h6 {[%emt 0:01:00]} 13. O-O {[%emt 1:11:33]} Ne7 {[%emt 0:00:00]} 14. Nxe7 {[%emt 0:00:00]} Qxe7 {[%emt 0:00:00]} 15. f4 {[%emt 0:00:00]} Kg8 {[%emt 0:01:30]} 16. Qd3 {[%emt 0:01:30]} Nc6 {[%emt 0:00:00]} 17. f5 {[%emt 0:00:00]} gxf5 {[%emt 0:00:00]} 18. exf5 {[%emt 0:00:00]} Bxb3 {[%emt 0:00:00]} 19. axb3 {[%emt 0:00:00]} e4 {[%emt 0:00:00]} 20. Qd2 {[%emt 0:00:00]} Be5 {[%emt 0:00:00]} 21. Nd5 {[%emt 0:00:00]} Qh4 {[%emt 0:00:00]} 22. g3 {[%emt 0:00:00]} Qh3 {[%emt 0:00:00]} 23. Ra4 {[%emt 0:00:00]} Kh7 {[%emt 0:00:00]} 24. Rxe4 {[%emt 0:00:00]} Rhg8 {[%emt 0:00:00]} 25. Bf4 {[%emt 0:00:00]} Rg4 {[%emt 0:00:00]} 26. Qg2 {[%emt 0:00:00]} Qxg2+ {[%emt 0:00:00]} 27. Kxg2 {[%emt 0:00:00]} Nd4 {[%emt 0:06:00]} 28. c3 {[%emt 0:06:00]} Nxb3 {[%emt 0:00:00]} 29. h3 {[%emt 0:00:00]} Rxf4 {[%emt 0:00:00]} 30. gxf4 {[%emt 0:00:00]} Nd2 {[%emt 0:00:00]} 31. Re2 {[%emt 0:00:00]} Rg8+ {[%emt 0:00:00]} 32. Kf2 {[%emt 0:00:00]} Nxf1 {[%emt 0:02:30]} 33. fxe5 {[%emt 0:00:00]} Rg5 {[%emt 0:00:00]} 34. Kxf1 {[%emt 0:00:00]} Rxf5+ {[%emt 0:00:00]} 35. Ke1 {[%emt 0:00:00]} dxe5 {[%emt 0:00:00]} 36. Rf2 {[%emt 0:00:00]} Rxf2 {[%emt 0:00:00]} 37. Kxf2 {[%emt 0:00:00]} Kg6 {[%emt 0:00:00]} 38. Ne7+ {[%emt 0:00:00]} Kf6 {[%emt 0:00:00]} 39. Nc8 {[%emt 0:00:00]} a6 {[%emt 0:00:00]} 40. Nd6 {[%emt 0:00:00]} b6 {[%emt 0:00:00]} 41. c4 {[%emt 0:02:03]} Ke6 {[%emt 0:04:30]} 42. Nc8 {[%emt 0:00:11]} b5 {[%emt 0:00:00]} 43. cxb5 {[%emt 0:00:19]} axb5 {[%emt 0:00:00]} 44. Na7 {[%emt 0:00:07]} b4 {[%emt 0:00:00]} 45. Nc6 {[%emt 0:00:04]} Kd5 {[%emt 0:00:00]} 46. Nxb4+ {[%emt 0:00:10]} Kc5 {[%emt 0:00:00]} 47. Nd3+ {[%emt 0:01:21]} Kd4 {[%emt 0:00:00]} 48. Ke2 {[%emt 0:00:09]} f5 {[%emt 0:00:00]} 49. b4 {[%emt 0:02:38]} f4 {[%emt 0:00:00]} 50. Nxf4 {[%emt 0:00:30]} exf4 {[%emt 0:00:00]} 51. Kf3 {[%emt 0:00:30]} Kc4 {[%emt 0:00:00]} 52. Kxf4 {[%emt 0:00:30]} Kxb4 {[%emt 0:00:00]} 53. Kf5 {[%emt 0:00:30]} 1-0

[Event "7th Cattolica Open-A 2020"]
[Site "Cattolica"]
[Date "2020.09.02"]
[Round "3.7"]
[White "Van Foreest, Lucas"]
[Black "Colonetti, Fabio"]
[Result "1-0"]
[WhiteElo "2531"]
[BlackElo "2070"]
[Annotator "TA"]
[PlyCount "63"]
[EventDate "2020.08.31"]
[EventType "swiss"]
[EventCountry "ITA"]
[SourceTitle "playchess.com"]
[Source "ChessBase"]
[SourceQuality "1"]

{[%evp 17,63,28,22,29,42,37,44,14,82,87,76,65,70,62,123,121,112,113,116,124,127,133,244,253,227,238,219,222,386,370,308,275,276,272,358,349,1570,1207,29992,29993,29993,29976,29970,10529,6191,5489,5389,5297]} 1. e4 c5 2. Nf3 d6 3. d4 cxd4 4. Nxd4 Nf6 5. Nc3 a6 6. Bg5 e6 7. f4 Nbd7 8. Qe2 Qc7 9. O-O-O b5 10. a3 {B96: Sicilian Najdorf: 6 Bg5 e6 7 f4, lines other than 7...Qb6 and 7...Be7.} Bb7 11. g4 Be7 12. Bxf6 {White is slightly better.} Nxf6 (12... Bxf6 $11 13. Bg2 O-O) 13. g5 $16 Nd7 14. h4 O-O-O {[#]} 15. Rh3 $146 ({Predecessor:} 15. Kb1 Kb8 16. Bg2 Nc5 17. Rh3 Rc8 18. Rc1 Qb6 19. f5 e5 20. Nd5 Bxd5 21. exd5 exd4 22. Qxe7 {0-1 (46) Delgado Ramirez,N (2550)-Fiori,N ICC INT 2009}) 15... Kb8 ({Better is} 15... Qb6 $1 $14) 16. f5 $1 {[%cal Rf5e6]} e5 {[#]} 17. Ndxb5 $1 axb5 {[#]} 18. Nd5 $1 $36 {[%cal Rd5c7][%mdl 2048] White is in control.} Bxd5 19. Rxd5 Ka8 (19... Nc5 $16 {was worth a try.}) 20. Qxb5 $18 {White threatens Qa6+ and mate.} Nc5 21. b4 {[%cal Bb2b4,Bb4c5][%mdl 32]} Rb8 22. Qc4 {[%mdl 64] Pin} Qa7 $2 (22... Rhd8 23. bxc5 dxc5) 23. bxc5 Rhc8 24. Rb3 Rxb3 25. Qxb3 ({Much less strong is} 25. cxb3 $6 Rxc5 26. Rxc5 Qxa3+ 27. Kb1 Qxc5 $16) 25... Rxc5 26. Bc4 Rc6 $2 (26... Qc7) 27. Rb5 {Threatening mate with Bd5!} Qg1+ 28. Kb2 Qd4+ 29. Ka2 Qxc4 30. Ra5+ Qa6 31. Rxa6+ Rxa6 32. Qxf7 {Black did not feel at home in the position after the opening. Accuracy: White = 95%, Black = 36%.} 1-0

[Event "7th Cattolica Open-A 2020"]
[Site "Cattolica"]
[Date "2020.09.02"]
[Round "3.8"]
[White "Pirrello, Christian"]
[Black "Krallis, Christos"]
[Result "1/2-1/2"]
[WhiteElo "2073"]
[BlackElo "2402"]
[Annotator "ChessBase"]
[PlyCount "159"]
[EventDate "2020.08.31"]
[EventType "swiss"]
[EventCountry "ITA"]
[SourceTitle "playchess.com"]
[Source "ChessBase"]
[SourceQuality "1"]
[TimeControl "5400+30"]

1. Nf3 {[%emt 0:02:46]} c5 {[%emt 0:06:58]} 2. c4 {[%emt 0:00:33]} g6 {[%emt 0:00:11]} 3. d4 {[%emt 0:01:54]} cxd4 {[%emt 0:00:30]} 4. Nxd4 {[%emt 0:00:11]} Bg7 {[%emt 0:00:24]} 5. e4 {[%emt 0:02:38]} Nc6 {[%emt 0:00:09]} 6. Be3 {[%emt 0:01:02]} Nf6 {[%emt 0:00:09]} 7. Nc3 {[%emt 0:01:10]} O-O {[%emt 0:00:11]} 8. Be2 {[%emt 0:01:00]} d6 {[%emt 0:00:11]} 9. Qd2 {[%emt 0:02:35]} Bd7 {[%emt 0:00:58]} 10. f3 {[%emt 0:02:23]} Nxd4 {[%emt 0:03:59]} 11. Bxd4 {[%emt 0:00:10]} Bc6 {[%emt 0:00:16]} 12. O-O {[%emt 0:03:50]} a5 {[%emt 0:00:11]} 13. Nd5 {[%emt 0:04:44]} Bxd5 {[%emt 0:00:39]} 14. cxd5 {[%emt 0:00:17]} Nd7 {[%emt 0:00:38]} 15. Be3 {[%emt 0:00:21]} Nc5 {[%emt 1:22:06]} 16. Rac1 {[%emt 0:03:29]} Qb6 {[%emt 0:00:00]} 17. b3 {[%emt 0:03:37]} Qb4 {[%emt 0:00:00]} 18. Rfd1 {[%emt 0:05:33]} b6 {[%emt 0:00:00]} 19. Rc4 {[%emt 0:05:17]} Qxd2 {[%emt 0:00:00]} 20. Rxd2 {[%emt 0:00:25]} f5 {[%emt 0:00:00]} 21. exf5 {[%emt 0:01:49]} gxf5 {[%emt 0:00:00]} 22. Rc1 {[%emt 0:06:51]} f4 {[%emt 0:00:00]} 23. Bf2 {[%emt 0:04:20]} Be5 {[%emt 0:00:00]} 24. Bb5 {[%emt 0:00:53]} Rf5 {[%emt 0:00:00]} 25. Bd4 {[%emt 0:03:24]} Raf8 {[%emt 0:00:00]} 26. Re1 {[%emt 0:00:43]} Bxd4+ {[%emt 0:00:00]} 27. Rxd4 {[%emt 0:00:19]} Re5 {[%emt 0:00:00]} 28. Rxe5 {[%emt 0:00:47]} dxe5 {[%emt 0:00:00]} 29. Rd2 {[%emt 0:00:45]} Kf7 {[%emt 0:00:00]} 30. d6 {[%emt 0:05:33]} e6 {[%emt 0:00:00]} 31. d7 {[%emt 0:04:31]} Ke7 {[%emt 0:00:00]} 32. Re2 {[%emt 0:01:26]} Kd6 {[%emt 0:00:00]} 33. Rd2+ {[%emt 0:00:18]} Kc7 {[%emt 0:00:00]} 34. Re2 {[%emt 0:00:24]} Nxd7 {[%emt 0:00:00]} 35. Bxd7 {[%emt 0:00:22]} Kxd7 {[%emt 0:00:00]} 36. Rxe5 {[%emt 0:00:18]} Rc8 {[%emt 0:00:00]} 37. Re2 {[%emt 0:00:32]} Rc5 {[%emt 0:00:00]} 38. g3 {[%emt 0:00:30]} e5 {[%emt 0:00:00]} 39. Kf2 {[%emt 0:00:49]} Kd6 {[%emt 0:00:00]} 40. gxf4 {[%emt 0:04:12]} exf4 {[%emt 0:00:00]} 41. Kg2 {[%emt 0:01:06]} Rc3 {[%emt 0:00:00]} 42. Rf2 {[%emt 0:07:00]} Kc5 {[%emt 0:13:30]} 43. Re2 {[%emt 0:07:37]} b5 {[%emt 0:00:30]} 44. Re5+ {[%emt 0:00:51]} Kc6 {[%emt 0:00:00]} 45. Re2 {[%emt 0:01:33]} Kd5 {[%emt 0:01:00]} 46. Rd2+ {[%emt 0:01:21]} Kc5 {[%emt 0:00:00]} 47. Re2 {[%emt 0:00:10]} a4 {[%emt 0:00:00]} 48. bxa4 {[%emt 0:00:31]} bxa4 {[%emt 0:00:00]} 49. Re7 {[%emt 0:03:23]} Rc2+ {[%emt 0:00:00]} 50. Kh3 {[%emt 0:00:00]} Rxa2 {[%emt 0:00:00]} 51. Rxh7 {[%emt 0:00:00]} Rb2 {[%emt 0:00:00]} 52. Ra7 {[%emt 0:00:00]} Kb4 {[%emt 0:00:00]} 53. Kg4 {[%emt 0:00:00]} Rxh2 {[%emt 0:00:00]} 54. Kxf4 {[%emt 0:00:00]} Rh5 {[%emt 0:00:00]} 55. Ke4 {[%emt 0:00:00]} a3 {[%emt 0:00:00]} 56. Kd3 {[%emt 0:00:00]} Rc5 {[%emt 0:00:00]} 57. Rb7+ {[%emt 0:00:00]} Ka4 {[%emt 0:00:24]} 58. Ra7+ {[%emt 0:00:00]} Kb3 {[%emt 0:03:02]} 59. Rb7+ {[%emt 0:00:00]} Ka2 {[%emt 0:00:25]} 60. Kd2 {[%emt 0:00:00]} Rc4 {[%emt 0:00:59]} 61. Rb8 {[%emt 0:00:00]} Ka1 {[%emt 0:00:48]} 62. Rb3 {[%emt 0:00:00]} Ka2 {[%emt 0:00:33]} 63. Rb8 {[%emt 0:00:00]} Rf4 {[%emt 0:00:24]} 64. Kc2 {[%emt 0:00:00]} Rxf3 {[%emt 0:00:08]} 65. Rb7 {[%emt 0:00:00]} Rf8 {[%emt 0:00:19]} 66. Rb6 {[%emt 0:00:00]} Rc8+ {[%emt 0:00:12]} 67. Kd2 {[%emt 0:00:00]} Rh8 {[%emt 0:00:43]} 68. Kc2 {[%emt 0:00:00]} Rh2+ {[%emt 0:00:07]} 69. Kc1 {[%emt 0:00:00]} Rb2 {[%emt 0:00:11]} 70. Rh6 {[%emt 0:00:00]} Rg2 {[%emt 0:00:31]} 71. Rb6 {[%emt 0:00:00]} Rg1+ {[%emt 0:00:10]} 72. Kc2 {[%emt 0:00:00]} Ka1 {[%emt 0:01:09]} 73. Ra6 {[%emt 0:00:00]} Rg3 {[%emt 0:00:24]} 74. Ra8 {[%emt 0:00:00]} a2 {[%emt 0:01:16]} 75. Rb8 {[%emt 0:00:00]} Rg7 {[%emt 0:00:29]} 76. Rb6 {[%emt 0:00:00]} Rc7+ {[%emt 0:00:04]} 77. Kd2 {[%emt 0:00:00]} Rh7 {[%emt 0:01:31]} 78. Kc2 {[%emt 0:00:00]} Rh2+ {[%emt 0:00:01]} 79. Kc1 {[%emt 0:00:00]} Rc2+ {[%emt 0:00:32]} 80. Kxc2 {[%emt 0:00:00]} 1/2-1/2